Riqueza y composición de especies de la comunidad de hormigas del suelo (Hymenoptera: Formicidade) en un gradiente espacial bosque -borde-matriz de pastizal (Registro nro. 4202)

Detalles MARC
000 -CABECERA
Campo de control 03216nam a2200241 a 4500
005 - FECHA Y HORA DE LA ULTIMA TRANSACCION
Campo de control 20140314102115.0
008 - ELEMENTOS DE LONGITUD FIJA—INFORMACION GENERAL
Campo de control 140314b2003 ck ||||| |||| 00| 0 spa d
041 ## - IDIOMA
Código de idioma para texto/pista de sonido o título separado Español
044 ## - PAÍS DE PUBLICACIÓN
País de publicación Colombia
090 ## - CLASIFICACIÓN LOCAL
Colección LB
Consecutivo 03881
100 ## - ASIENTO PRINCIPAL--NOMBRE PERSONAL
Nombre personal Chaves Villegas, Marta Cecilia
245 ## - MENCION DE TITULO
Título Riqueza y composición de especies de la comunidad de hormigas del suelo (Hymenoptera: Formicidade) en un gradiente espacial bosque -borde-matriz de pastizal
260 ## - PUBLICACION, DISTRIBUCION, ETC. (PIE DE IMPRENTA)
Lugar de publicación, distribución, etc. Santiago de Cali
Nombre del editor, distribuidor, etc. Universidad del Valle
Fecha de publicación, distribución, etc. 2003
300 ## - DESCRIPCION FISICA
Extensión 66 p.
520 ## - NOTA DE RESUMEN, ETC.
Nota de resumen aire. No se detectó un efecto borde sino de matriz. La riqueza de especies fue mayor en el boque, que en el pastizal. Se encontró que el pastizal mantiene una comunidad de hormigas diferente a la del bosque, en su mayoría especies generalistas. Mientras que en el bosque la mayoría de especies fueron especialistas de algún recurso. Estos resultados podrían estar reflejando una baja permeabilidad del borde, y/o una alta aversión de las especies por uno u otro tipo de habitat. Se propone mantener un sotobosque denso en el borde para que funcione como amortiguador, y permita que el interior del bosque alcance un balance entre exposición y regeneración, reteniendo así sus características del bosque mas conservado. Las áreas de transición entre dos ecosistemas adyacentes, son importantes componentes de los paisajes fragmentados, ya que juegan roles fundamentales en las dinámicas de estos ecosistemas. Se estudió la variación en la riqueza y composición de especies de la comunidad de hormigas del suelo en un gradiente espacial bosque-borde-matriz de pastizal, en la Reserva Forestal Natural y de Investigación Bremen- La Popa. Localizada en el municipio de Filandia (Quindío). Se trazaron 16 transectos de 50m ubicados de forma perpendicular al borde, ocho desde el pastizal y ocho desde el bosque, con estaciones cada 10m. Se hicieron 12 transectos análogos pero de forma paralela al borde, cuatro ubicados a 200 m de él y ocho a más de 500m, tanto dentro del bosque como en la matriz de pastizal, los cuales fueron usados como indicadores de los habitats por separado. Se muestrearon las hormigas del suelo con sacos mini-Winkler y trampas Pitfall, y se tomaron datos abióticos de la temperatura y humedad del suelo y el aire. No se detectó un efecto borde sino de matriz. La riqueza de especies fue mayor en el boque, que en el pastizal. Se encontró que el pastizal mantiene una comunidad de hormigas diferente a la del bosque, en su mayoría especies generalistas. Mientras que en el bosque la mayoría de especies fueron especialistas de algún recurso. Estos resultados podrían reflejar una baja permeabilidad del borde, y/o una alta aversión de las especies por uno u otro tipo de habitat. Se propone mantener un sotobosque denso en el borde para que funcione como amortiguador, y permita que el interior del bosque alcance un balance entre exposición y regeneración, reteniendo así sus características del bosque mas conservado
650 ## - ASIENTO SECUNDARIO DE MATERIA - TERMINO TEMATICO
Término temático o nombre geográfico como elemento de entrada Riqueza
650 ## - ASIENTO SECUNDARIO DE MATERIA - TERMINO TEMATICO
Término temático o nombre geográfico como elemento de entrada Composición
650 ## - ASIENTO SECUNDARIO DE MATERIA - TERMINO TEMATICO
Término temático o nombre geográfico como elemento de entrada Especies
650 ## - ASIENTO SECUNDARIO DE MATERIA - TERMINO TEMATICO
Término temático o nombre geográfico como elemento de entrada Hormigas
650 ## - ASIENTO SECUNDARIO DE MATERIA - TERMINO TEMATICO
Término temático o nombre geográfico como elemento de entrada Bosque
942 ## - ELEMENTOS ADICIONALES (KOHA)
Tipo de ítem Impreso
Sistema de clasificación Local
945 ## - PROCESAMIENTO LOCAL
AAAA-MM-DD - Fecha de ingreso o modificacion 2004-10-13
Existencias
Withdrawn status Lost status Sistema de Clasificación Damaged status No para préstamo Colección Inventariado Ubicación Permanente Ubicación actual Fecha de adquisición Fuente de Valor Total Checkouts Número topográfico Inventario / Código de Barras Date last seen Ejemplar Price effective from Forma de adquisición Tipo de material
    Local     Entomología Inventariado 2017 Villa de Leyva Villa de Leyva 13/10/2004 Jiménez, Elizabeth   LB-03881 016815 04/12/2012 Ej. 1 04/12/2012   Tesis